Cuando aprieta el frío / (Record no. 179919)

MARC details
000 -LEADER
campo de control de longitud fija 00764nam a2200229 i 4500
001 - NÚMERO DE CONTROL
campo de control 179919
003 - IDENTIFICADOR DE NÚMERO DE CONTROL
campo de control ES-MaACL
005 - FECHA Y HORA DE LA ÚLTIMA TRANSACCIÓN
campo de control 20250905132105.0
008 - DATOS DE LONGITUD FIJA--INFORMACIÓN GENERAL
campo de control de longitud fija 120224s2009 sp |||| | spa d
080 ## - NÚMERO DE LA CLASIFICACIÓN DECIMAL UNIVERSAL
Número de la Clasificación Decimal Universal 821.134.2-14"20"
100 1# - ENTRADA PRINCIPAL--NOMBRE DE PERSONA
Nombre de persona Díez, Gorka,
Fechas asociadas al nombre 1977-
9 (RLIN) 149460
245 10 - MENCIÓN DEL TÍTULO
Título Cuando aprieta el frío /
Mención de responsabilidad, etc. Gorka Díez.
260 ## - PUBLICACIÓN, DISTRIBUCIÓN, ETC.
Lugar de publicación, distribución, etc. Cuenca :
Nombre del editor, distribuidor, etc. Diputación Provincial de Cuenca,
Fecha de publicación, distribución, etc. [2009]
300 ## - DESCRIPCIÓN FÍSICA
Extensión 133 p. ;
Dimensiones 21 cm.
490 1# - MENCIÓN DE SERIE
Mención de serie Papel mojado ;
Designación de volumen o secuencia 1
700 1# - ENTRADA AGREGADA--NOMBRE PERSONAL
Nombre de persona García, José Ángel,
Fechas asociadas al nombre 1948-
9 (RLIN) 149461
710 1# - ENTRADA AGREGADA--NOMBRE DE ENTIDAD CORPORATIVA
Nombre de entidad corporativa o nombre de jurisdicción como elemento de entrada Cuenca (Provincia).
Unidad subordinada Diputación Provincial.
9 (RLIN) 3346
830 0# - PUNTO DE ACCESO ADICIONAL DE SERIE-TÍTULO UNIFORME
Título uniforme Papel mojado ;
Designación de volumen o secuencia 1
9 (RLIN) 224564
852 ## - LOCALIZACIÓN
Ubicación ES-MaACL
Número de control de estantería A-11997
itemnumber 186823
Sublocalización o colección R.146787
Ubicación en estantería Depósito 1
Signatura antigua Olim: N-5002
942 ## - ELEMENTOS DE ENTRADA SECUNDARIOS (KOHA)
Fuente del sistema de clasificación o colocación Clasificación decimal universal
Tipo de ítem Koha Libro impreso
Holdings
Estatus retirado Estado de pérdida Fuente del sistema de clasificación o colocación Estado de daño No para préstamo Biblioteca de origen Biblioteca actual Ubicación en estantería Fecha de adquisición Fuente de adquisición Total de préstamos Signatura topográfica completa Código de barras Visto por última vez Precio de reemplazo Tipo de ítem Koha
    Clasificación decimal universal     Biblioteca del Ateneo de Madrid Biblioteca del Ateneo de Madrid Depósito 1 24/02/2012 Donación   A-11997 1189013 23/02/2023 23/02/2023 Libro impreso